The early kings of Norway : (Record no. 40973)

MARC details
000 -LEADER
campo de control de longitud fija 00673nam a2200205 i 4500
001 - NÚMERO DE CONTROL
campo de control 40973
003 - IDENTIFICADOR DE NÚMERO DE CONTROL
campo de control ES-MaACL
005 - FECHA Y HORA DE LA ÚLTIMA TRANSACCIÓN
campo de control 20250119063040.0
007 - CAMPO FIJO DE DESCRIPCIÓN FÍSICA--INFORMACIÓN GENERAL
campo de control de longitud fija t|
008 - DATOS DE LONGITUD FIJA--INFORMACIÓN GENERAL
campo de control de longitud fija 030307q1878 xxk ||||1| eng d
100 0# - ENTRADA PRINCIPAL--NOMBRE DE PERSONA
Nombre de persona Carlyle, Thomas,
Fechas asociadas al nombre 1795-1881
9 (RLIN) 35316
245 14 - MENCIÓN DEL TÍTULO
Título The early kings of Norway :
Resto del título also an essay on the portraits of John Knox /
Mención de responsabilidad, etc. by Thomas Carlyle.
260 ## - PUBLICACIÓN, DISTRIBUCIÓN, ETC.
Lugar de publicación, distribución, etc. London :
Nombre del editor, distribuidor, etc. Chapman and Hall,
Fecha de publicación, distribución, etc. 1878?]
300 ## - DESCRIPCIÓN FÍSICA
Extensión 358 p. ;
Dimensiones 18 cm.
600 14 - PUNTO DE ACCESO ADICIONAL DE MATERIA--NOMBRE DE PERSONA
Nombre de persona Knox, John (
Fechas asociadas al nombre ca. 1514-1572)
9 (RLIN) 172640
651 #4 - PUNTO DE ACCESO ADICIONAL DE MATERIA--NOMBRE GEOGRÁFICO
Nombre geográfico Noruega-
Subdivisión general Reyes y soberanos.
9 (RLIN) 172639
651 #4 - PUNTO DE ACCESO ADICIONAL DE MATERIA--NOMBRE GEOGRÁFICO
Nombre geográfico Noruega-
Subdivisión general Historia.
9 (RLIN) 164255
852 ## - LOCALIZACIÓN
Ubicación ES-MaACL
Número de control de estantería G-10561
Holdings
Estatus retirado Estado de pérdida Estado de daño No para préstamo Colección Biblioteca de origen Biblioteca actual Ubicación en estantería Fecha de adquisición Fuente de adquisición Total de préstamos Signatura topográfica completa Código de barras Visto por última vez Precio de reemplazo Tipo de ítem Koha
        Libros del s. XIX Biblioteca del Ateneo de Madrid Biblioteca del Ateneo de Madrid Sala Pecera Planta 3 17/01/2008     G-10561 1043138 23/02/2023 23/02/2023 Libro impreso antiguo